[Event "blitmenteam"]
[Site "?"]
[Date "2016.10.07"]
[Round "7.20"]
[White "Usmanov, Vasily"]
[Black "Sanin, Andrey"]
[Result "1-0"]
[LiveChessVersion "1.4.4"]
[BlackElo "2214"]
[WhiteElo "2396"]

1. b3 {[%clk 0:03:02]} d5 {[%clk 0:03:01]} 2. Bb2 {[%clk 0:03:03]} Nf6
{[%clk 0:03:02]} 3. e3 {[%clk 0:03:04]} e6 {[%clk 0:03:02]} 4. c4
{[%clk 0:03:05]} c5 {[%clk 0:03:02]} 5. Nf3 {[%clk 0:03:06]} Nc6 {[%clk 0:03:02]}
6. cxd5 {[%clk 0:03:06]} exd5 {[%clk 0:03:02]} 7. d4 {[%clk 0:03:07]} Be7
{[%clk 0:03:00]} 8. dxc5 Bxc5 {[%clk 0:03:00]} 9. Be2 {[%clk 0:03:06]} O-O
{[%clk 0:03:00]} 10. O-O {[%clk 0:03:06]} Bg4 {[%clk 0:02:57]} 11. Nbd2
{[%clk 0:03:05]} a6 {[%clk 0:02:46]} 12. Rc1 {[%clk 0:03:06]} Bb6
{[%clk 0:02:45]} 13. h3 {[%clk 0:02:32]} Bh5 {[%clk 0:02:45]} 14. Ne5
{[%clk 0:02:33]} Bxe2 {[%clk 0:02:43]} 15. Qxe2 {[%clk 0:02:32]} Nxe5
{[%clk 0:02:35]} 16. Bxe5 {[%clk 0:02:33]} Re8 {[%clk 0:02:34]} 17. Nf3
{[%clk 0:02:31]} Rc8 {[%clk 0:02:11]} 18. Rxc8 {[%clk 0:02:31]} Qxc8
{[%clk 0:02:12]} 19. Bxf6 {[%clk 0:02:31]} gxf6 {[%clk 0:02:13]} 20. Rd1
{[%clk 0:02:32]} Qe6 {[%clk 0:02:03]} 21. Nd4 {[%clk 0:02:33]} Qe4
{[%clk 0:02:00]} 22. Qh5 {[%clk 0:02:26]} Re5 {[%clk 0:01:53]} 23. Qg4+
{[%clk 0:02:20]} Qxg4 {[%clk 0:01:40]} 24. hxg4 {[%clk 0:02:21]} Bxd4
{[%clk 0:01:19]} 25. Rxd4 {[%clk 0:02:22]} Kf8 {[%clk 0:01:19]} 26. Kf1
{[%clk 0:02:17]} Ke7 {[%clk 0:01:19]} 27. Ke2 {[%clk 0:02:19]} Ke6
{[%clk 0:01:12]} 28. Kd3 {[%clk 0:02:13]} Rg5 {[%clk 0:01:06]} 29. a4
{[%clk 0:02:04]} a5 {[%clk 0:00:55]} 30. f3 {[%clk 0:01:45]} h5 {[%clk 0:00:51]}
31. gxh5 {[%clk 0:01:45]} Rxh5 {[%clk 0:00:51]} 32. g4 {[%clk 0:01:40]} Rh1
{[%clk 0:00:47]} 33. e4 {[%clk 0:01:31]} dxe4+ {[%clk 0:00:30]} 34. Rxe4+
{[%clk 0:01:32]} Kd6 {[%clk 0:00:30]} 35. Rf4 {[%clk 0:01:27]} Ke7
{[%clk 0:00:22]} 36. Kc4 {[%clk 0:01:25]} Rc1+ {[%clk 0:00:14]} 37. Kd4
{[%clk 0:01:07]} Rb1 {[%clk 0:00:14]} 38. Kc3 {[%clk 0:01:07]} Rc1+
{[%clk 0:00:16]} 39. Kd3 {[%clk 0:01:09]} Rb1 {[%clk 0:00:17]} 40. Kc2
{[%clk 0:01:10]} Rf1 {[%clk 0:00:14]} 41. Rf5 {[%clk 0:01:11]} b6
{[%clk 0:00:15]} 42. Kc3 {[%clk 0:01:11]} Rc1+ {[%clk 0:00:14]} 43. Kd3
{[%clk 0:01:11]} Rb1 {[%clk 0:00:12]} 44. Rb5 {[%clk 0:01:11]} Rd1+
{[%clk 0:00:09]} 45. Kc4 {[%clk 0:01:11]} Rf1 {[%clk 0:00:10]} 46. Rf5
{[%clk 0:01:09]} Rb1 {[%clk 0:00:10]} 47. Rb5 {[%clk 0:01:09]} Rf1
{[%clk 0:00:11]} 48. Rf5 {[%clk 0:01:07]} Rb1 {[%clk 0:00:12]} 49. Kc3
{[%clk 0:01:07]} Rc1+ {[%clk 0:00:13]} 50. Kd3 {[%clk 0:01:08]} Rf1
{[%clk 0:00:13]} 51. Ke2 {[%clk 0:01:09]} Rc1 {[%clk 0:00:11]} 52. Rb5
{[%clk 0:01:10]} Rc6 {[%clk 0:00:13]} 53. Kd3 {[%clk 0:01:10]} Ke6
{[%clk 0:00:14]} 54. Ke4 {[%clk 0:01:11]} Rd6 {[%clk 0:00:12]} 55. Ke3
{[%clk 0:01:10]} Rc6 {[%clk 0:00:13]} 56. Kd4 {[%clk 0:01:09]} Rd6+
{[%clk 0:00:13]} 57. Ke4 {[%clk 0:01:10]} Rc6 {[%clk 0:00:15]} 58. Kf4
{[%clk 0:01:10]} Rd6 {[%clk 0:00:15]} 59. Kg3 {[%clk 0:01:11]} Rc6
{[%clk 0:00:16]} 60. Kh4 {[%clk 0:01:11]} Rd6 {[%clk 0:00:16]} 61. Kg3
{[%clk 0:01:12]} Rc6 {[%clk 0:00:18]} 62. Kf4 Rd6 63. Ke4 {[%clk 0:01:14]} Rc6
{[%clk 0:00:20]} 64. Ke3 {[%clk 0:01:07]} Rd6 {[%clk 0:00:21]} 65. Rf5
{[%clk 0:01:08]} Rc6 {[%clk 0:00:22]} 66. Kd4 {[%clk 0:01:09]} Rc1
{[%clk 0:00:18]} 67. Rb5 {[%clk 0:01:08]} Rc6 {[%clk 0:00:19]} 68. Ke3
{[%clk 0:01:03]} Kd6 {[%clk 0:00:19]} 69. Ke4 {[%clk 0:01:03]} Ke6
{[%clk 0:00:21]} 70. Rd5 {[%clk 0:01:02]} Rc3 {[%clk 0:00:21]} 71. Rb5
{[%clk 0:01:02]} Rc6 {[%clk 0:00:21]} 72. f4 {[%clk 0:01:02]} Kd6
{[%clk 0:00:20]} 73. Kf5 {[%clk 0:01:02]} Ke7 {[%clk 0:00:13]} 74. Ke4
{[%clk 0:01:00]} Ke6 {[%clk 0:00:14]} 75. Ke3 {[%clk 0:00:58]} Kd6
{[%clk 0:00:15]} 76. Kd4 {[%clk 0:00:59]} Ke6 {[%clk 0:00:16]} 77. Ke4
{[%clk 0:01:01]} Kd6 {[%clk 0:00:18]} 78. Rd5+ {[%clk 0:01:02]} Ke6
{[%clk 0:00:19]} 79. Rd3 {[%clk 0:01:00]} Rc5 {[%clk 0:00:17]} 80. f5+
{[%clk 0:00:56]} Ke7 {[%clk 0:00:18]} 81. Rh3 {[%clk 0:00:49]} Re5+
{[%clk 0:00:15]} 82. Kd4 {[%clk 0:00:50]} Re1 {[%clk 0:00:13]} 83. Kc4
{[%clk 0:00:46]} Rg1 {[%clk 0:00:13]} 84. Kb5 {[%clk 0:00:44]} Rxg4
{[%clk 0:00:14]} 85. Kxb6 {[%clk 0:00:45]} Rb4+ {[%clk 0:00:12]} 86. Kxa5
{[%clk 0:00:46]} Rf4 {[%clk 0:00:12]} 87. b4 {[%clk 0:00:45]} Rxf5+
{[%clk 0:00:14]} 88. b5 {[%clk 0:00:46]} Rf1 {[%clk 0:00:12]} 89. Kb6
{[%clk 0:00:44]} f5 {[%clk 0:00:12]} 90. a5 {[%clk 0:00:45]} f4 {[%clk 0:00:12]}
91. a6 {[%clk 0:00:47]} Ra1 {[%clk 0:00:11]} 92. Kb7 {[%clk 0:00:44]} Ke6
{[%clk 0:00:10]} 93. b6 {[%clk 0:00:43]} Ke5 {[%clk 0:00:07]} 94. a7
{[%clk 0:00:44]} Ke4 {[%clk 0:00:08]} 95. Rh1 {[%clk 0:00:39]} Rxh1
{[%clk 0:00:05]} 96. a8=Q {[%clk 0:00:39]} f3 {[%clk 0:00:04]} 97. Kc7+
{[%clk 0:00:39]} Ke3 {[%clk 0:00:04]} 98. Qa3+ {[%clk 0:00:33]} Ke2
{[%clk 0:00:05]} 99. Qa2+ {[%clk 0:00:34]} Ke3 {[%clk 0:00:04]} 100. Qb3+
{[%clk 0:00:33]} Kf2 1-0

[Event "blitmenteam"]
[Site "?"]
[Date "2016.10.07"]
[Round "8.2"]
[White "Morozevich, Alexander"]
[Black "Nechaev, Oleg"]
[Result "1-0"]
[LiveChessVersion "1.4.4"]
[BlackElo "2369"]
[WhiteElo "2669"]

1. e4 {[%clk 0:03:02]} c5 {[%clk 0:03:03]} 2. Nf3 {[%clk 0:03:02]} Nc6
{[%clk 0:03:03]} 3. d4 cxd4 {[%clk 0:03:04]} 4. Nxd4 {[%clk 0:03:05]} Qb6
{[%clk 0:03:04]} 5. Nb3 {[%clk 0:03:05]} Nf6 {[%clk 0:03:05]} 6. Nc3
{[%clk 0:03:06]} e6 {[%clk 0:03:06]} 7. a3 {[%clk 0:03:06]} Qc7 {[%clk 0:02:56]}
8. g4 {[%clk 0:03:03]} d6 {[%clk 0:02:53]} 9. g5 {[%clk 0:03:03]} Nd7
{[%clk 0:02:53]} 10. Be3 {[%clk 0:02:44]} a6 {[%clk 0:02:53]} 11. Qe2
{[%clk 0:02:44]} Be7 {[%clk 0:02:53]} 12. O-O-O {[%clk 0:02:44]} b5
{[%clk 0:02:54]} 13. Kb1 {[%clk 0:02:45]} Rb8 {[%clk 0:02:55]} 14. f4
{[%clk 0:02:39]} Nb6 {[%clk 0:02:52]} 15. h4 {[%clk 0:02:26]} Na4
{[%clk 0:02:33]} 16. Bd2 {[%clk 0:02:20]} Bd7 {[%clk 0:01:35]} 17. Rh3
{[%clk 0:01:28]} Nxc3+ {[%clk 0:00:53]} 18. Rxc3 {[%clk 0:01:24]} a5
{[%clk 0:00:41]} 19. e5 {[%clk 0:00:49]} d5 {[%clk 0:00:27]} 20. Nxa5
{[%clk 0:00:48]} b4 {[%clk 0:00:20]} 21. Nxc6 {[%clk 0:00:41]} Bxc6
{[%clk 0:00:20]} 22. axb4 {[%clk 0:00:39]} Bxb4 {[%clk 0:00:19]} 23. Rb3
{[%clk 0:00:40]} Bxd2 {[%clk 0:00:15]} 24. Rxb8+ Qxb8 {[%clk 0:00:16]} 25. Qxd2
{[%clk 0:00:40]} O-O {[%clk 0:00:17]} 26. Qc3 {[%clk 0:00:34]} Qb7
{[%clk 0:00:16]} 27. b3 {[%clk 0:00:18]} Ra8 {[%clk 0:00:14]} 28. Kb2
{[%clk 0:00:20]} Qb6 {[%clk 0:00:05]} 29. Ra1 {[%clk 0:00:18]} Rxa1
{[%clk 0:00:06]} 30. Kxa1 {[%clk 0:00:19]} g6 {[%clk 0:00:08]} 31. Kb2
{[%clk 0:00:20]} Kg7 {[%clk 0:00:07]} 32. Be2 {[%clk 0:00:17]} Qf2
{[%clk 0:00:07]} 33. Bd1 {[%clk 0:00:09]} Bb5 {[%clk 0:00:06]} 34. h5
{[%clk 0:00:05]} gxh5 {[%clk 0:00:06]} 35. Qb4 {[%clk 0:00:07]} Bd7
{[%clk 0:00:03]} 36. Bxh5 {[%clk 0:00:08]} Qh4 {[%clk 0:00:03]} 37. Be2
{[%clk 0:00:09]} h6 {[%clk 0:00:05]} 38. gxh6+ {[%clk 0:00:10]} Qxh6
{[%clk 0:00:06]} 39. Bd3 {[%clk 0:00:11]} Qh2 {[%clk 0:00:06]} 40. Qd4
{[%clk 0:00:12]} Bc6 {[%clk 0:00:06]} 41. f5 {[%clk 0:00:13]} exf5
{[%clk 0:00:05]} 42. Bxf5 {[%clk 0:00:15]} Qe2 {[%clk 0:00:05]} 43. Bd3
{[%clk 0:00:15]} Qf3 {[%clk 0:00:04]} 44. b4 {[%clk 0:00:15]} Kf8
{[%clk 0:00:05]} 45. Qc5+ {[%clk 0:00:16]} 1-0

[Event "blitmenteam"]
[Site "?"]
[Date "2016.10.07"]
[Round "8.3"]
[White "Rozhko, Dmitry"]
[Black "Popov, Ivan"]
[Result "0-1"]
[LiveChessVersion "1.4.4"]
[BlackElo "2606"]
[WhiteElo "2288"]

1. d4 {[%clk 0:03:04]} Nf6 {[%clk 0:03:03]} 2. Nf3 {[%clk 0:03:04]} c5
{[%clk 0:03:04]} 3. c3 {[%clk 0:03:05]} b6 {[%clk 0:03:03]} 4. Bf4
{[%clk 0:03:05]} Bb7 {[%clk 0:03:04]} 5. e3 {[%clk 0:03:06]} g6 {[%clk 0:03:02]}
6. h3 {[%clk 0:03:05]} Bg7 {[%clk 0:03:02]} 7. Nbd2 {[%clk 0:03:06]} d6
{[%clk 0:03:02]} 8. Be2 {[%clk 0:03:01]} O-O {[%clk 0:03:02]} 9. O-O
{[%clk 0:03:02]} Nbd7 {[%clk 0:03:03]} 10. a4 {[%clk 0:03:03]} a6
{[%clk 0:03:03]} 11. Qb1 {[%clk 0:03:04]} Re8 {[%clk 0:03:01]} 12. Bh2
{[%clk 0:03:04]} Qc7 {[%clk 0:02:49]} 13. Rd1 {[%clk 0:02:59]} cxd4
{[%clk 0:02:39]} 14. exd4 {[%clk 0:02:55]} Bh6 {[%clk 0:02:39]} 15. Qa2
{[%clk 0:02:46]} Nd5 {[%clk 0:02:34]} 16. Bc4 {[%clk 0:02:36]} N7f6
{[%clk 0:02:34]} 17. Re1 {[%clk 0:02:33]} e6 {[%clk 0:02:27]} 18. Bd3
{[%clk 0:02:25]} Nf4 {[%clk 0:02:23]} 19. Bxf4 {[%clk 0:02:20]} Bxf4
{[%clk 0:02:25]} 20. Ne4 {[%clk 0:02:14]} Nxe4 {[%clk 0:02:06]} 21. Bxe4
{[%clk 0:02:15]} Bh6 {[%clk 0:02:04]} 22. Bxb7 {[%clk 0:02:07]} Qxb7
{[%clk 0:02:06]} 23. Qc4 {[%clk 0:02:02]} b5 {[%clk 0:02:00]} 24. axb5
{[%clk 0:01:46]} axb5 {[%clk 0:02:00]} 25. Qb4 {[%clk 0:01:46]} Bf8
{[%clk 0:02:00]} 26. Qb3 {[%clk 0:01:18]} Reb8 {[%clk 0:01:55]} 27. Rxa8
{[%clk 0:00:53]} Qxa8 {[%clk 0:01:46]} 28. d5 {[%clk 0:00:46]} e5
{[%clk 0:01:40]} 29. Nd2 {[%clk 0:00:38]} f5 {[%clk 0:01:24]} 30. Rd1
{[%clk 0:00:32]} e4 {[%clk 0:01:19]} 31. Nf1 {[%clk 0:00:29]} Qa4
{[%clk 0:01:18]} 32. Qxa4 {[%clk 0:00:23]} bxa4 {[%clk 0:01:19]} 33. Ra1
{[%clk 0:00:20]} Rxb2 {[%clk 0:01:18]} 34. Rxa4 {[%clk 0:00:22]} Bg7
{[%clk 0:01:14]} 35. Rc4 {[%clk 0:00:20]} Be5 {[%clk 0:01:11]} 36. g3
{[%clk 0:00:18]} Rc2 {[%clk 0:01:12]} 37. Ne3 {[%clk 0:00:17]} Rxc3
{[%clk 0:01:11]} 38. Rxc3 {[%clk 0:00:19]} Bxc3 {[%clk 0:01:12]} 39. Nc4
{[%clk 0:00:19]} Bb4 {[%clk 0:01:10]} 40. Kf1 {[%clk 0:00:19]} Bc5
{[%clk 0:01:09]} 41. Ke2 {[%clk 0:00:19]} Kf7 {[%clk 0:01:08]} 42. f3
{[%clk 0:00:19]} exf3+ {[%clk 0:01:09]} 43. Kxf3 {[%clk 0:00:20]} h5
{[%clk 0:01:04]} 44. Ke2 {[%clk 0:00:17]} Kf6 {[%clk 0:01:02]} 45. Kf3
{[%clk 0:00:18]} g5 {[%clk 0:00:58]} 46. Kg2 {[%clk 0:00:16]} g4 {[%clk 0:00:59]}
47. h4 {[%clk 0:00:16]} f4 {[%clk 0:00:57]} 48. gxf4 {[%clk 0:00:14]} Kf5
{[%clk 0:00:59]} 49. Kg3 {[%clk 0:00:14]} Ke4 {[%clk 0:01:00]} 50. Nb2
{[%clk 0:00:05]} Be3 {[%clk 0:00:57]} 51. f5 {[%clk 0:00:04]} Kxf5
{[%clk 0:00:55]} 52. Nd1 {[%clk 0:00:04]} Bd4 {[%clk 0:00:55]} 0-1

[Event "blitmenteam"]
[Site "?"]
[Date "2016.10.07"]
[Round "8.4"]
[White "Motylev, Alexander"]
[Black "Shandrygin, Nikita"]
[Result "1-0"]
[LiveChessVersion "1.4.4"]
[BlackElo "2202"]
[WhiteElo "2613"]

1. e4 {[%clk 0:03:03]} e5 {[%clk 0:03:03]} 2. Nf3 {[%clk 0:03:04]} Nc6
{[%clk 0:03:04]} 3. Bb5 {[%clk 0:03:05]} a6 {[%clk 0:03:05]} 4. Ba4
{[%clk 0:03:06]} Nf6 {[%clk 0:03:06]} 5. O-O {[%clk 0:03:07]} b5 {[%clk 0:02:58]}
6. Bb3 {[%clk 0:03:08]} Be7 {[%clk 0:02:56]} 7. Re1 {[%clk 0:03:07]} O-O
{[%clk 0:02:56]} 8. a4 {[%clk 0:03:07]} Bb7 {[%clk 0:02:51]} 9. d3
{[%clk 0:03:04]} d6 {[%clk 0:02:44]} 10. Nc3 {[%clk 0:02:58]} b4 {[%clk 0:02:07]}
11. Ne2 {[%clk 0:02:59]} Na5 {[%clk 0:01:58]} 12. Ba2 {[%clk 0:03:00]} c5
{[%clk 0:01:52]} 13. c3 {[%clk 0:03:00]} bxc3 {[%clk 0:01:49]} 14. bxc3
{[%clk 0:02:57]} c4 {[%clk 0:01:36]} 15. Ng3 {[%clk 0:02:55]} cxd3 16. Qxd3
{[%clk 0:02:56]} Qc7 {[%clk 0:00:59]} 17. Nf5 {[%clk 0:02:49]} g6
{[%clk 0:12:10]} 18. Nh6+ {[%clk 0:02:45]} Kg7 {[%clk 0:00:50]} 19. Nxf7
{[%clk 0:02:19]} Rxf7 {[%clk 0:00:18]} 20. Ng5 {[%clk 0:02:20]} Qd7
{[%clk 0:00:10]} 21. Nxf7 {[%clk 0:02:13]} 1-0

[Event "blitmenteam"]
[Site "?"]
[Date "2016.10.07"]
[Round "8.5"]
[White "Alekseev, Evgeny"]
[Black "Artemiev, Vladislav"]
[Result "0-1"]
[LiveChessVersion "1.4.4"]
[BlackElo "2781"]
[WhiteElo "2662"]

1. e4 {[%clk 0:03:03]} c5 {[%clk 0:03:02]} 2. Nf3 {[%clk 0:03:04]} d6
{[%clk 0:03:03]} 3. d4 {[%clk 0:03:04]} cxd4 {[%clk 0:03:04]} 4. Qxd4
{[%clk 0:03:05]} a6 {[%clk 0:03:05]} 5. h3 {[%clk 0:03:06]} Nf6 {[%clk 0:03:06]}
6. Be2 {[%clk 0:02:51]} Qc7 {[%clk 0:03:06]} 7. c4 {[%clk 0:02:49]} e6
{[%clk 0:03:07]} 8. O-O {[%clk 0:02:45]} Nbd7 {[%clk 0:03:05]} 9. Nc3
{[%clk 0:02:43]} Be7 {[%clk 0:03:06]} 10. b3 {[%clk 0:02:34]} O-O
{[%clk 0:03:06]} 11. Bb2 {[%clk 0:02:33]} b6 {[%clk 0:03:06]} 12. Rad1
{[%clk 0:02:26]} Bb7 {[%clk 0:03:07]} 13. Rfe1 {[%clk 0:02:13]} Rac8
{[%clk 0:03:08]} 14. Qe3 {[%clk 0:02:10]} Qb8 {[%clk 0:03:03]} 15. Bf1
{[%clk 0:02:05]} Rfe8 {[%clk 0:02:59]} 16. Nd4 {[%clk 0:01:34]} Bf8
{[%clk 0:02:51]} 17. Qg3 {[%clk 0:01:33]} Qa8 {[%clk 0:02:46]} 18. f3
{[%clk 0:01:31]} Rc5 {[%clk 0:02:28]} 19. Ba3 {[%clk 0:01:23]} Re5
{[%clk 0:02:22]} 20. Kh1 {[%clk 0:01:14]} Qb8 {[%clk 0:02:02]} 21. Qf2
{[%clk 0:01:05]} Nc5 {[%clk 0:01:47]} 22. Bb2 {[%clk 0:00:59]} h6
{[%clk 0:01:37]} 23. Bc1 {[%clk 0:00:52]} Ncd7 {[%clk 0:01:31]} 24. Ba3
{[%clk 0:00:47]} Qc7 {[%clk 0:01:27]} 25. Bb2 {[%clk 0:00:35]} Qc8
{[%clk 0:01:17]} 26. Ba3 {[%clk 0:00:34]} b5 {[%clk 0:00:58]} 27. Bb2
{[%clk 0:00:34]} bxc4 {[%clk 0:00:51]} 28. Bxc4 {[%clk 0:00:35]} Rc5
{[%clk 0:00:53]} 29. Qd2 {[%clk 0:00:17]} Ne5 {[%clk 0:00:52]} 30. Bf1
{[%clk 0:00:17]} Ng6 {[%clk 0:00:42]} 31. Rc1 {[%clk 0:00:17]} Qb8
{[%clk 0:00:43]} 32. Na4 {[%clk 0:00:11]} Rg5 {[%clk 0:00:39]} 33. Nc6
{[%clk 0:00:10]} Bxc6 34. Rxc6 {[%clk 0:00:11]} Nh5 {[%clk 0:00:41]} 35. Bxa6
{[%clk 0:00:07]} d5 {[%clk 0:00:41]} 36. e5 {[%clk 0:00:06]} Nh4 {[%clk 0:00:37]}
37. Bf1 {[%clk 0:00:04]} Ng3+ {[%clk 0:00:38]} 38. Kg1 {[%clk 0:00:04]} Nxf3+
{[%clk 0:00:34]} 39. gxf3 {[%clk 0:00:06]} Ne4+ {[%clk 0:00:35]} 40. Qg2
{[%clk 0:00:07]} Rxg2+ {[%clk 0:00:35]} 41. Kxg2 {[%clk 0:00:07]} Ng5
{[%clk 0:00:36]} 42. h4 {[%clk 0:00:08]} Nh7 {[%clk 0:00:37]} 43. Rec1
{[%clk 0:00:07]} Qb4 {[%clk 0:00:34]} 44. R1c2 {[%clk 0:00:05]} Qxh4
{[%clk 0:00:35]} 45. Bc1 {[%clk 0:00:04]} Ng5 {[%clk 0:00:36]} 46. f4
{[%clk 0:00:03]} Qg4+ {[%clk 0:00:35]} 47. Kf2 {[%clk 0:00:04]} Ne4+
{[%clk 0:00:35]} 0-1

[Event "blitmenteam"]
[Site "?"]
[Date "2016.10.07"]
[Round "8.7"]
[White "Levin, Evgeny A."]
[Black "Timofeev, Artyom"]
[Result "1/2-1/2"]
[LiveChessVersion "1.4.4"]
[BlackElo "2578"]
[WhiteElo "2480"]

1. d4 {[%clk 0:03:03]} Nf6 {[%clk 0:03:01]} 2. c4 {[%clk 0:03:04]} g6
{[%clk 0:03:02]} 3. Nc3 {[%clk 0:03:04]} d5 {[%clk 0:03:03]} 4. cxd5
{[%clk 0:03:04]} Nxd5 {[%clk 0:03:04]} 5. Bd2 {[%clk 0:03:05]} Bg7
{[%clk 0:02:59]} 6. e4 {[%clk 0:03:06]} Nb6 {[%clk 0:02:59]} 7. Be3
{[%clk 0:03:07]} O-O {[%clk 0:02:57]} 8. h3 {[%clk 0:03:07]} Be6 {[%clk 0:02:43]}
9. d5 {[%clk 0:02:36]} Bc8 {[%clk 0:02:31]} 10. Nf3 {[%clk 0:02:19]} c6
{[%clk 0:02:32]} 11. dxc6 {[%clk 0:02:12]} Nxc6 {[%clk 0:02:32]} 12. Bb5
{[%clk 0:02:07]} Be6 {[%clk 0:02:31]} 13. O-O {[%clk 0:01:35]} Nc4
{[%clk 0:02:29]} 14. Bxc4 {[%clk 0:01:02]} Bxc4 {[%clk 0:02:30]} 15. Qxd8
{[%clk 0:00:53]} Rfxd8 {[%clk 0:02:31]} 16. Rfd1 {[%clk 0:00:53]} Rxd1+
{[%clk 0:02:22]} 17. Rxd1 {[%clk 0:00:53]} Bxc3 {[%clk 0:02:17]} 18. bxc3
{[%clk 0:00:49]} Bxa2 {[%clk 0:02:18]} 19. Rd7 {[%clk 0:00:50]} a5
{[%clk 0:02:15]} 20. Rxb7 {[%clk 0:00:39]} a4 {[%clk 0:02:17]} 21. Rc7
{[%clk 0:00:26]} a3 {[%clk 0:02:05]} 22. Bc5 {[%clk 0:00:14]} Bd5
{[%clk 0:01:55]} 23. Bxa3 {[%clk 0:00:12]} Bxe4 {[%clk 0:01:56]} 24. Bxe7
{[%clk 0:00:12]} Bxf3 25. gxf3 {[%clk 0:00:12]} Nxe7 {[%clk 0:01:53]} 26. Rxe7
{[%clk 0:00:14]} Rc8 {[%clk 0:01:54]} 1/2-1/2

[Event "blitmenteam"]
[Site "?"]
[Date "2016.10.07"]
[Round "8.8"]
[White "Sharafiev, Azat"]
[Black "Usmanov, Vasily"]
[Result "0-1"]
[LiveChessVersion "1.4.4"]
[BlackElo "2396"]
[WhiteElo "2482"]

1. c4 {[%clk 0:03:03]} e6 {[%clk 0:03:03]} 2. Nf3 {[%clk 0:03:01]} Nf6
{[%clk 0:03:04]} 3. d4 {[%clk 0:02:58]} Bb4+ {[%clk 0:03:05]} 4. Bd2
{[%clk 0:02:54]} Qe7 {[%clk 0:03:06]} 5. g3 {[%clk 0:02:52]} Bxd2+ 6. Nbxd2
{[%clk 0:02:52]} d6 {[%clk 0:03:08]} 7. Bg2 {[%clk 0:02:52]} O-O {[%clk 0:03:08]}
8. O-O {[%clk 0:02:52]} Re8 {[%clk 0:03:05]} 9. e4 {[%clk 0:02:49]} e5
{[%clk 0:03:06]} 10. d5 {[%clk 0:02:47]} a5 {[%clk 0:03:07]} 11. Ne1
{[%clk 0:02:47]} Na6 {[%clk 0:02:57]} 12. Nd3 {[%clk 0:02:48]} b6
{[%clk 0:02:53]} 13. a3 {[%clk 0:02:44]} Nc5 {[%clk 0:02:52]} 14. Nxc5
{[%clk 0:02:36]} bxc5 {[%clk 0:02:53]} 15. a4 {[%clk 0:02:28]} Rb8
{[%clk 0:02:42]} 16. b3 {[%clk 0:02:26]} g6 {[%clk 0:02:35]} 17. Nb1
{[%clk 0:02:22]} Nh5 {[%clk 0:02:28]} 18. Nc3 {[%clk 0:02:21]} f5
{[%clk 0:02:26]} 19. exf5 {[%clk 0:02:17]} Rf8 {[%clk 0:01:41]} 20. fxg6 hxg6
{[%clk 0:01:42]} 21. Be4 {[%clk 0:02:04]} Kg7 {[%clk 0:01:41]} 22. Nb5
{[%clk 0:02:05]} Bh3 {[%clk 0:01:38]} 23. Re1 {[%clk 0:01:59]} Rf7
{[%clk 0:01:37]} 24. Ra2 {[%clk 0:01:35]} Rbf8 {[%clk 0:01:35]} 25. Qd3
{[%clk 0:01:29]} Qg5 {[%clk 0:01:33]} 26. Qe3 {[%clk 0:01:28]} Qg4
{[%clk 0:01:17]} 27. Qe2 {[%clk 0:00:59]} Rxf2 {[%clk 0:01:00]} 28. Qxf2
{[%clk 0:00:58]} Rxf2 {[%clk 0:01:01]} 29. Rxf2 {[%clk 0:00:58]} Nxg3
{[%clk 0:00:55]} 30. Bg2 {[%clk 0:00:54]} Nf5 {[%clk 0:00:47]} 31. Re4
{[%clk 0:00:49]} Qd1+ {[%clk 0:00:41]} 32. Rf1 {[%clk 0:00:50]} Qxb3
{[%clk 0:00:38]} 33. Nxc7 {[%clk 0:00:44]} Bxg2 {[%clk 0:00:39]} 34. Ne6+
{[%clk 0:00:35]} Kg8 {[%clk 0:00:36]} 35. Kxg2 {[%clk 0:00:35]} Qc2+
{[%clk 0:00:37]} 36. Kf3 {[%clk 0:00:35]} Qd3+ {[%clk 0:00:38]} 0-1

[Event "blitmenteam"]
[Site "?"]
[Date "2016.10.07"]
[Round "8.9"]
[White "Fedoseev, Vladimir"]
[Black "Ponkratov, Pavel"]
[Result "1/2-1/2"]
[LiveChessVersion "1.4.4"]
[BlackElo "2679"]
[WhiteElo "2702"]

1. e4 {[%clk 0:03:03]} e6 {[%clk 0:03:03]} 2. d4 {[%clk 0:03:04]} d5
{[%clk 0:03:05]} 3. Nd2 {[%clk 0:03:05]} c5 {[%clk 0:03:02]} 4. exd5
{[%clk 0:03:05]} exd5 {[%clk 0:03:02]} 5. Ngf3 {[%clk 0:03:05]} Nc6
{[%clk 0:03:03]} 6. Be2 {[%clk 0:03:02]} cxd4 {[%clk 0:03:03]} 7. O-O
{[%clk 0:03:02]} Nf6 {[%clk 0:03:03]} 8. Nb3 {[%clk 0:03:03]} Bd6
{[%clk 0:03:04]} 9. Nbxd4 {[%clk 0:03:01]} O-O {[%clk 0:03:02]} 10. Bg5
{[%clk 0:03:01]} h6 {[%clk 0:03:03]} 11. Bh4 {[%clk 0:03:02]} Re8
{[%clk 0:03:00]} 12. Nb5 {[%clk 0:02:49]} Bf4 {[%clk 0:02:54]} 13. c4
{[%clk 0:02:39]} a6 {[%clk 0:02:49]} 14. Nc3 {[%clk 0:02:27]} dxc4
{[%clk 0:02:02]} 15. Qxd8 {[%clk 0:02:16]} Rxd8 {[%clk 0:02:00]} 16. Bxf6
{[%clk 0:02:05]} gxf6 {[%clk 0:02:01]} 17. Bxc4 {[%clk 0:02:06]} Be6
{[%clk 0:02:01]} 18. Bxe6 fxe6 {[%clk 0:02:02]} 19. Rfe1 {[%clk 0:02:03]} Kf7
{[%clk 0:01:58]} 20. Re4 {[%clk 0:01:58]} Bd2 {[%clk 0:01:48]} 21. Na4
{[%clk 0:01:56]} Bb4 {[%clk 0:01:40]} 22. a3 {[%clk 0:01:55]} Bf8
{[%clk 0:01:37]} 23. Nb6 {[%clk 0:01:56]} Rab8 {[%clk 0:01:37]} 24. Rae1
{[%clk 0:01:56]} e5 {[%clk 0:01:33]} 25. Kf1 {[%clk 0:01:16]} Rd3
{[%clk 0:01:33]} 26. R4e3 {[%clk 0:01:02]} Rbd8 {[%clk 0:01:33]} 27. Ke2
{[%clk 0:01:00]} Rxe3+ 28. fxe3 {[%clk 0:01:01]} f5 {[%clk 0:01:15]} 29. g3
{[%clk 0:01:00]} Ke6 {[%clk 0:01:13]} 30. Rc1 {[%clk 0:00:50]} e4
{[%clk 0:01:10]} 31. Nh4 {[%clk 0:00:47]} Rd3 {[%clk 0:01:11]} 32. Ng6
{[%clk 0:00:45]} Bd6 {[%clk 0:01:10]} 33. Nc4 {[%clk 0:00:34]} Rb3
{[%clk 0:00:57]} 34. Rc2 {[%clk 0:00:31]} Kd5 {[%clk 0:00:38]} 35. Nh4
{[%clk 0:00:25]} Ne7 {[%clk 0:00:26]} 36. Na5 {[%clk 0:00:26]} Rb5
{[%clk 0:00:26]} 37. b4 {[%clk 0:00:27]} Ke6 {[%clk 0:00:24]} 38. Nb3
{[%clk 0:00:25]} Be5 {[%clk 0:00:19]} 39. Nc5+ {[%clk 0:00:19]} Kd5
{[%clk 0:00:18]} 40. Rd2+ Kc4 41. Rd7 {[%clk 0:00:20]} Bf6 {[%clk 0:00:21]} 42.
Nxb7 {[%clk 0:00:19]} Kb3 {[%clk 0:00:20]} 43. Nc5+ {[%clk 0:00:15]} Kxa3
{[%clk 0:00:21]} 44. Nxa6 {[%clk 0:00:16]} Bxh4 {[%clk 0:00:21]} 45. gxh4
{[%clk 0:00:16]} Nd5 {[%clk 0:00:21]} 46. Ra7 {[%clk 0:00:10]} Kb2
{[%clk 0:00:22]} 47. Rf7 {[%clk 0:00:08]} Rb6 {[%clk 0:00:19]} 48. Nc5
{[%clk 0:00:08]} Nc3+ {[%clk 0:00:17]} 49. Kf2 {[%clk 0:00:08]} Nd1+
{[%clk 0:00:18]} 50. Ke2 {[%clk 0:00:08]} Nc3+ {[%clk 0:00:19]} 51. Ke1
{[%clk 0:00:10]} Rxb4 52. Rxf5 {[%clk 0:00:10]} Rc4 {[%clk 0:00:16]} 53. Ne6
{[%clk 0:00:09]} Ra4 {[%clk 0:00:15]} 54. Rf2+ {[%clk 0:00:08]} Kb3
{[%clk 0:00:13]} 55. Rd2 {[%clk 0:00:09]} Ra1+ {[%clk 0:00:14]} 56. Kf2
{[%clk 0:00:10]} Ra7 {[%clk 0:00:13]} 57. Nc5+ {[%clk 0:00:10]} Kc4
{[%clk 0:00:14]} 58. Nd7 {[%clk 0:00:10]} Ra5 {[%clk 0:00:14]} 59. Rd4+
{[%clk 0:00:10]} Kb3 {[%clk 0:00:15]} 60. Kg3 {[%clk 0:00:09]} Rf5
{[%clk 0:00:16]} 61. Kg4 {[%clk 0:00:09]} Ra5 {[%clk 0:00:09]} 62. Nf6
{[%clk 0:00:10]} Ra2 {[%clk 0:00:08]} 63. h3 {[%clk 0:00:09]} Rg2+
{[%clk 0:00:07]} 64. Kh5 {[%clk 0:00:10]} Ne2 {[%clk 0:00:08]} 65. Rd5
{[%clk 0:00:09]} Rg3 {[%clk 0:00:07]} 66. Nxe4 {[%clk 0:00:09]} Rxe3
{[%clk 0:00:08]} 67. Nd2+ {[%clk 0:00:07]} Kc3 {[%clk 0:00:09]} 68. Kxh6
{[%clk 0:00:08]} Rxh3 {[%clk 0:00:09]} 69. Kg5 {[%clk 0:00:06]} Rg3+
{[%clk 0:00:10]} 70. Kf5 {[%clk 0:00:06]} Nd4+ 71. Kf6 {[%clk 0:00:04]} Rg4
{[%clk 0:00:10]} 72. Nb1+ {[%clk 0:00:04]} Kc4 {[%clk 0:00:11]} 73. Rh5
{[%clk 0:00:05]} Nf3 {[%clk 0:00:13]} 74. Na3+ {[%clk 0:00:06]} Kb3
{[%clk 0:00:14]} 75. Nb5 {[%clk 0:00:07]} Rxh4 {[%clk 0:00:14]} 1/2-1/2